[Event "NOR-ch U12"]
[Site "Oslo"]
[Date "2015.07.04"]
[Round "6"]
[White "Halvorsen, Benjamin"]
[Black "Velle, Vetle"]
[Result "1-0"]
[WhiteElo "1486"]
[BlackElo "1336"]
[PlyCount "71"]
[EventDate "2015.07.04"]
[EventType "swiss"]
[EventRounds "9"]
[EventCountry "NOR"]
[SourceTitle "EXT 2017"]
[Source "ChessBase"]
[SourceDate "2016.10.25"]
[SourceVersion "1"]
[SourceVersionDate "2016.10.25"]
[SourceQuality "1"]

1. e4 e5 2. Nf3 Nc6 3. Bc4 Nf6 4. Ng5 d5 5. exd5 Na5 6. Bb5+ c6 7. dxc6 bxc6 8. Be2 h6 9. Nf3 e4 10. Ne5 Bd6 11. d4 c5 12. Bb5+ Bd7 13. Nxd7 Nxd7 14. dxc5 Bxc5 15. Qd5 0-0 16. Qxd7 Bxf2+ 17. Kxf2 Qf6+ 18. Ke1 Rfd8 19. Qg4 Rd5 20. Nc3 Re5 21. Rf1 Qe7 22. Bxh6 g6 23. Rd1 Rd8 24. Rxd8+ Qxd8 25. Qf4 Qe7 26. Bg5 Rxg5 27. Qf6 Qxf6 28. Rxf6 Rxg2 29. Ra6 Nb7 30. Rxa7 Nd6 31. Be2 Rxh2 32. Rd7 Nf5 33. Nxe4 Rh1+ 34. Kd2 Rh4 35. Bd3 Rh5 36. Nf6+ 1-0

[Event "Straume Hordalandsmesterskap GP A"]
[Site "Straume"]
[Date "2014.04.04"]
[Round "1"]
[White "Stormer, Egil"]
[Black "Velle, Vetle"]
[Result "0-1"]
[WhiteElo "667"]
[BlackElo "618"]
[PlyCount "78"]
[EventDate "2014.04.04"]
[EventType "swiss"]
[EventRounds "5"]
[EventCountry "NOR"]
[SourceTitle "EXT 2024"]
[Source "ChessBase"]
[SourceDate "2023.10.10"]
[SourceVersion "1"]
[SourceVersionDate "2023.10.10"]
[SourceQuality "1"]

1. e4 e6 2. Ne2 Nc6 3. Nbc3 Nf6 4. g3 d5 5. exd5 Nxd5 6. Bg2 Bb4 7. 0-0 0-0 8. a3 Be7 9. Re1 Bf6 10. d4 Nxc3 11. Nxc3 Nxd4 12. f4 Qe7 13. f5 Nxf5 14. Bf4 Qc5+ 15. Kh1 e5 16. Ne4 Qb6 17. Bd2 Rd8 18. Qe2 Nd4 19. Nxf6+ Qxf6 20. Qf1 Nxc2 21. Rac1 Nxe1 22. Qxe1 Qd6 23. Rd1 Bg4 24. Bb4 Qxd1 25. Qxd1 Rxd1+ 26. Bf1 Rxf1+ 27. Kg2 Rb1 28. Bc3 e4 29. h3 e3 30. hxg4 e2 31. Kf2 Re8 32. b4 e1Q+ 33. Bxe1 Rbxe1 34. b5 R1e2+ 35. Kf1 Ra2 36. g5 Ree2 37. g6 Reb2 38. gxh7+ Kxh7 39. b6 Rb1# 0-1